000 00470nam a2200169Ia 4500
003 OSt
005 20260316143158.0
008 211028s2016 xx 000 0 und d
040 _cAIMIT LIBRARY
041 _aeng
100 _aMohisin, Abdul; B, Santhosh.
_g131701
_94575
110 _aVanitha Kulshekar
_94576
245 _aFinancial Asset Management System /
260 _aMangalore
_c2016
710 _aCenter for Health and Development
_94577
942 _2ddc
_cPRO
999 _c217616
_d217616